000
00431nam a2200145Ia 4500
008
100204s9999 xx 000 0 und d
082
_b
11443
100
_a
कदम बा.
245
_a
पै पाव्हणे
260
_b
"मधुर पब्लिकेशन , पुणे 2"
_c
1987 2
300
_a
146
630
_a
पै पाव्हणे
730
_a
पै पाव्हणे
942
_c
BOOK
999
_c
455879
_d
455876